Estatísticas para Transferências Bizarras

Clique aqui para jogar o quiz

Estatísticas Gerais

  • Esse quiz foi jogado 47 vezes
  • A pontuação média é 4 de 15

Estatísticas das Respostas

JogadorClube Que SaiuClube Que o Contrattou% Correto
RonaldinhoAtleticoQueretaro FC
95%
XaviBarcelonaAl-Saad SC
68%
RomárioVascoAdelaide United
49%
DenilsonItumbiaraHai Phong FC
35%
Del PieroJuventusSydney FC
32%
DrogbaChelseaShanghai Shenhua
32%
RaulSchalke 04Al-Saad SC
27%
Roberto CarlosCorinthiansAnzhi Makhachkala
27%
RivaldoAEK AthenasBunyodkor Tashkent
24%
SneijderOGC NiceAl-Gharafa SC
11%
BebetoVascoAl Ittihad Jedda
8%
LucioPalmeirasFC Goa
8%
CannavaroJuventusAl-Ahli
5%
NestaAC MilanCF Montréal
5%
Junior BaianoInternacionalShanghai Shenhua
3%

Distribuição das Pontuações

Percentil de Números Respondidos

Porcentagem de Pessoas com Cada Pontuação

Sua Pontuação Histórica

Você não jogou esse quiz